| 000 | 01199nam a2200241Ii 4500 | ||
|---|---|---|---|
| 003 | JO-AjNU | ||
| 005 | 20240625113515.0 | ||
| 008 | 230605s9999||||xx |||||||||||||| ||und|| | ||
| 040 |
_aJO-AjNU _bara _erda _cJO-AjNU |
||
| 041 | _aara | ||
| 050 | 1 | 4 | _aHG1710.2020 |
| 100 | 1 |
_aالشويات، علاء محمد مصطفى _965620 |
|
| 245 | 1 | 0 | _aاثر تطبيق الخدمات المصرفية الالكترونية على الدخل التشغيلي في البنوك الاسلامية الاردنية = The impact of applying electronic banking services on the operating income in jordanian islamic banks / |
| 260 | _c2020 | ||
| 300 | _a76 ورقة | ||
| 336 |
_atext _btxt _2rdacontent |
||
| 337 |
_aunmediated _bn _2rdamedia |
||
| 338 |
_avolume _bnc _2rdacarrier |
||
| 500 | _aرساله جامعيه (ماجستير تخصص المحاسبة ) - جامعة عجلون الوطنيه (عجلون ، الاردن) ، كلية ادارة الاعمال ،2020 | ||
| 650 | 7 |
_aالبنوك -معالجة البيانات الالكترونية - البتوك الاسلامية -الاردن _959806 |
|
| 700 | 1 |
_aكراجة، احمد ابراهيم. _eمشرف _965236 |
|
| 942 |
_2lcc _cTHS |
||
| 999 |
_c30499 _d30499 |
||